Cuentos de barro

Guardat en:
Dades bibliogràfiques
Autor principal: Salarrué (Autor)
Format: Llibre
Idioma:espanyol
Publicat: Santiago Nascimento 1943
Edició:1a. ed
Matèries:
Etiquetes: Afegir etiqueta
Sense etiquetes, Sigues el primer a etiquetar aquest registre!

MARC

LEADER 00000nam a2200000 a 4500
001 UCJ3386
003 CL-VaPUC
008 070124e19430000CL |||||||||||||||||spa|d
082 0 4 |a Es863  |b SAL  |2 21 
100 0 |a Salarrué  |e author  |9 505178 
245 1 0 |a Cuentos de barro 
250 |a 1a. ed 
300 |a 302 p 
942 |c BK 
945 |d 20070124 00:00:00  |a rinostro 
260 |a Santiago  |b Nascimento  |c 1943 
500 |a Ilustraciones 
650 7 |a CUENTO SALVADOREÑO  |2 CL-VaPUC  |9 505179 
583 |a last modification  |c 20070124 00:00:00  |k Rodrigo Vera 
999 |c 319508  |d 319506 
952 |0 0  |1 0  |4 0  |6 ES_863_000000000000000_SAL_1943  |7 0  |8 X  |9 397841  |a FDOBUD  |b FDOBUD  |d 2019-11-22  |i 1002821  |o Es863 SAL 1943  |p 1002821  |r 2019-11-22  |w 2019-11-22  |y BK_X  |k BUD